000 00586nam a2200181 a 4500
005 20260505112955.0
008 260503s2026##################000#0#eng##
020 _a9788184780680
_qpbk
041 _aeng
082 0 4 _a343.73052 PAT
100 _aPatel,Jigar M.
245 1 0 _aTaxmann's Smart Strategies For Tax Savings
_bA Complete Practical Guide For Tax & Investment Planning
_cMukesh M. Patel
260 _aNew Delhi
_bTaxmann Allied Services
_c2008
300 _a275p. :
_c24cm.
650 _aMilitary, tax, trade & industrial law
700 _aJigar M. Patel
942 _cENGLISH
999 _c622410
_d622410